000
00336 a2200145 4500
001
154708
040
_c
Escola São Tomás de Aquino
100
_a
VILLA, Marco Antonio
240
1
0
_a
A crise da República Velha
_l
por
245
1
0
_a
A crise da República Velha
300
_a
39
362
0
_a
2001
697
_a
HISTÓRIA
942
_c
BK
999
_c
154708
_d
154708